[Event "blitmenteam"]
[Site "?"]
[Date "2016.10.07"]
[Round "12.11"]
[White "Zablotsky, Sergei"]
[Black "Derjabin, Ilja"]
[Result "1-0"]
[LiveChessVersion "1.4.4"]
[BlackElo "2400"]
[WhiteElo "2519"]

1. d4 {[%clk 0:03:01]} Nf6 {[%clk 0:03:03]} 2. c4 {[%clk 0:03:03]} d6
{[%clk 0:03:04]} 3. Nf3 {[%clk 0:03:01]} Bf5 {[%clk 0:03:05]} 4. Nc3
{[%clk 0:03:00]} Nbd7 {[%clk 0:03:05]} 5. Qb3 {[%clk 0:02:51]} Qc8
{[%clk 0:03:06]} 6. h3 {[%clk 0:02:51]} h6 {[%clk 0:03:05]} 7. Bf4
{[%clk 0:02:51]} g5 {[%clk 0:02:58]} 8. Bh2 {[%clk 0:02:46]} Bg7 {[%clk 0:02:56]}
9. e3 {[%clk 0:02:47]} O-O {[%clk 0:02:45]} 10. Be2 {[%clk 0:02:48]} c6
{[%clk 0:02:42]} 11. O-O {[%clk 0:02:47]} Re8 {[%clk 0:02:39]} 12. Qa3
{[%clk 0:02:39]} Nf8 {[%clk 0:02:38]} 13. Nd2 {[%clk 0:02:35]} Ng6
{[%clk 0:02:25]} 14. Bg3 {[%clk 0:01:51]} g4 {[%clk 0:01:55]} 15. hxg4
{[%clk 0:01:26]} Bxg4 {[%clk 0:01:51]} 16. Qb3 {[%clk 0:01:16]} h5
{[%clk 0:01:39]} 17. Bxg4 {[%clk 0:01:15]} Nxg4 {[%clk 0:01:38]} 18. Nf3
{[%clk 0:01:07]} Bf6 {[%clk 0:01:31]} 19. Ne4 {[%clk 0:01:05]} Bg7
{[%clk 0:01:30]} 20. Neg5 {[%clk 0:00:46]} b6 {[%clk 0:01:14]} 21. e4
{[%clk 0:00:45]} Qd7 {[%clk 0:01:06]} 22. Rfe1 {[%clk 0:00:36]} Bf6
{[%clk 0:00:56]} 23. c5 {[%clk 0:00:23]} d5 {[%clk 0:00:52]} 24. cxb6
{[%clk 0:00:23]} axb6 25. exd5 {[%clk 0:00:24]} cxd5 {[%clk 0:00:52]} 26. Qxb6
{[%clk 0:00:22]} Bxg5 {[%clk 0:00:51]} 27. Nxg5 {[%clk 0:00:23]} Qf5
{[%clk 0:00:52]} 28. Nh3 {[%clk 0:00:21]} h4 {[%clk 0:00:50]} 29. Bc7
{[%clk 0:00:21]} e6 {[%clk 0:00:41]} 30. a4 {[%clk 0:00:21]} Nf6 {[%clk 0:00:41]}
31. Be5 {[%clk 0:00:21]} Ne4 {[%clk 0:00:41]} 32. Rac1 {[%clk 0:00:21]} Nxe5
{[%clk 0:00:33]} 33. dxe5 Reb8 34. Qd4 {[%clk 0:00:22]} Rb3 {[%clk 0:00:34]} 35.
Re3 {[%clk 0:00:22]} Rab8 {[%clk 0:00:35]} 36. Rxb3 {[%clk 0:00:21]} Rxb3
{[%clk 0:00:36]} 37. a5 {[%clk 0:00:20]} Qg4 {[%clk 0:00:32]} 38. Rc8+
{[%clk 0:00:15]} Kg7 {[%clk 0:00:33]} 39. Kh2 {[%clk 0:00:15]} Rxh3+
{[%clk 0:00:12]} 40. gxh3 {[%clk 0:00:16]} Qf4+ {[%clk 0:00:14]} 41. Kg2
{[%clk 0:00:17]} Qg5+ {[%clk 0:00:13]} 42. Kh2 {[%clk 0:00:16]} Qf4+
{[%clk 0:00:15]} 43. Kg2 {[%clk 0:00:18]} Qg5+ 44. Kh2 Qf4+ {[%clk 0:00:11]} 45.
Kg2 {[%clk 0:00:21]} Qg5+ {[%clk 0:00:09]} 46. Kh2 {[%clk 0:00:22]} Qf4+
{[%clk 0:00:10]} 47. Kg2 {[%clk 0:00:24]} Qg5+ {[%clk 0:00:06]} 48. Kh2 Qf4+ 49.
Kg2 {[%clk 0:00:27]} Qf5 {[%clk 0:00:09]} 50. a6 {[%clk 0:00:25]} Ng5
{[%clk 0:00:11]} 51. Qg4 {[%clk 0:00:26]} Qxe5 {[%clk 0:00:11]} 52. a7 1-0

[Event "blitmenteam"]
[Site "?"]
[Date "2016.10.07"]
[Round "12.12"]
[White "Papenin, Nikolai"]
[Black "Gochelashvili, David"]
[Result "0-1"]
[LiveChessVersion "1.4.4"]
[BlackElo "2439"]
[WhiteElo "2334"]

1. d4 {[%clk 0:03:03]} g6 {[%clk 0:03:01]} 2. c4 Bg7 3. Nc3 {[%clk 0:03:04]} d6
{[%clk 0:03:03]} 4. e4 {[%clk 0:03:05]} c5 {[%clk 0:03:05]} 5. d5
{[%clk 0:03:06]} e6 {[%clk 0:03:06]} 6. Bd3 {[%clk 0:03:06]} Ne7 {[%clk 0:03:06]}
7. Nge2 {[%clk 0:03:00]} O-O {[%clk 0:03:06]} 8. h4 {[%clk 0:02:53]} h5
{[%clk 0:02:57]} 9. Bg5 {[%clk 0:02:42]} Nd7 {[%clk 0:02:56]} 10. dxe6
{[%clk 0:02:28]} fxe6 {[%clk 0:02:56]} 11. Nf4 {[%clk 0:02:27]} Ne5
{[%clk 0:02:55]} 12. Be2 {[%clk 0:02:16]} Bf6 {[%clk 0:02:48]} 13. g3
{[%clk 0:02:02]} N7c6 {[%clk 0:02:45]} 14. Nb5 {[%clk 0:01:48]} Nd4
{[%clk 0:02:23]} 15. Nxd4 {[%clk 0:01:47]} cxd4 {[%clk 0:02:24]} 16. Qxd4
{[%clk 0:01:30]} Nc6 {[%clk 0:01:26]} 17. Qd2 {[%clk 0:01:13]} Bxg5
{[%clk 0:01:07]} 18. hxg5 {[%clk 0:01:14]} Qxg5 {[%clk 0:01:07]} 19. O-O-O
{[%clk 0:01:08]} e5 {[%clk 0:01:05]} 20. Nh3 {[%clk 0:00:41]} Qxd2+
{[%clk 0:01:02]} 21. Rxd2 {[%clk 0:00:40]} Bxh3 {[%clk 0:00:50]} 22. Rxh3
{[%clk 0:00:41]} Nd4 {[%clk 0:00:51]} 23. Bd1 {[%clk 0:00:28]} Rac8
{[%clk 0:00:51]} 24. b3 {[%clk 0:00:23]} b5 {[%clk 0:00:51]} 25. g4
{[%clk 0:00:20]} bxc4 {[%clk 0:00:49]} 26. bxc4 {[%clk 0:00:07]} Rxc4+
{[%clk 0:00:50]} 27. Kb2 {[%clk 0:00:08]} Rb8+ {[%clk 0:00:51]} 28. Bb3
{[%clk 0:00:09]} hxg4 {[%clk 0:00:41]} 29. Rg3 {[%clk 0:00:07]} Kg7
{[%clk 0:00:41]} 30. Rxg4 {[%clk 0:00:07]} a5 {[%clk 0:00:36]} 31. Ka3
{[%clk 0:00:05]} Nb5+ {[%clk 0:00:28]} 32. Kb2 {[%clk 0:00:06]} Nd4
{[%clk 0:00:27]} 33. Ka3 {[%clk 0:00:08]} Rc1 {[%clk 0:00:25]} 34. f4
{[%clk 0:00:06]} Rb1 {[%clk 0:00:12]} 35. f5 {[%clk 0:00:04]} Nxb3
{[%clk 0:00:09]} 36. Rxg6+ {[%clk 0:00:03]} Kf7 {[%clk 0:00:10]} 37. Rdxd6 Nc5
{[%clk 0:00:10]} 38. Rc6 {[%clk 0:00:03]} Nd7 {[%clk 0:00:05]} 39. Rc7
{[%clk 0:00:03]} Rd1 {[%clk 0:00:05]} 40. Ra6 {[%clk 0:00:04]} Rd3+
{[%clk 0:00:06]} 41. Ka4 {[%clk 0:00:05]} Ke8 {[%clk 0:00:07]} 42. Kxa5
{[%clk 0:00:06]} Ra3# {[%clk 0:00:08]} 0-1

[Event "blitmenteam"]
[Site "?"]
[Date "2016.10.07"]
[Round "12.13"]
[White "Alexeev, Alexey"]
[Black "Fedoseev, Vladimir"]
[Result "0-1"]
[LiveChessVersion "1.4.4"]
[BlackElo "2702"]
[WhiteElo "2230"]

1. e4 {[%clk 0:03:03]} e6 {[%clk 0:03:03]} 2. d4 {[%clk 0:03:04]} d5
{[%clk 0:03:05]} 3. Nd2 {[%clk 0:03:04]} c5 {[%clk 0:03:05]} 4. c3
{[%clk 0:03:05]} Nc6 {[%clk 0:03:05]} 5. Ngf3 {[%clk 0:03:06]} Nf6
{[%clk 0:03:03]} 6. Bd3 {[%clk 0:03:07]} Be7 {[%clk 0:03:01]} 7. O-O
{[%clk 0:03:01]} O-O {[%clk 0:03:01]} 8. e5 {[%clk 0:02:59]} Nd7 {[%clk 0:03:01]}
9. Re1 {[%clk 0:02:59]} a5 {[%clk 0:02:56]} 10. a3 {[%clk 0:02:53]} c4
{[%clk 0:02:50]} 11. Bc2 {[%clk 0:02:47]} b5 {[%clk 0:02:51]} 12. Nf1
{[%clk 0:02:45]} Nb6 {[%clk 0:02:44]} 13. Ng3 {[%clk 0:02:44]} b4
{[%clk 0:02:44]} 14. axb4 {[%clk 0:02:43]} axb4 {[%clk 0:02:45]} 15. Rxa8
{[%clk 0:02:41]} Nxa8 {[%clk 0:02:45]} 16. Qd2 {[%clk 0:02:17]} b3
{[%clk 0:02:45]} 17. Bb1 {[%clk 0:02:18]} Kh8 {[%clk 0:02:34]} 18. Nh5
{[%clk 0:02:19]} Rg8 {[%clk 0:02:27]} 19. Qf4 {[%clk 0:02:16]} Qf8
{[%clk 0:02:17]} 20. h4 {[%clk 0:02:13]} f5 {[%clk 0:02:06]} 21. exf6
{[%clk 0:02:07]} gxf6 {[%clk 0:02:06]} 22. Qe3 {[%clk 0:01:46]} Bd7
{[%clk 0:02:03]} 23. Nf4 {[%clk 0:01:37]} Nc7 {[%clk 0:02:02]} 24. h5
{[%clk 0:01:31]} Bd6 {[%clk 0:02:00]} 25. g3 {[%clk 0:01:28]} e5 {[%clk 0:01:57]}
26. dxe5 {[%clk 0:01:24]} fxe5 {[%clk 0:01:57]} 27. Ng6+ {[%clk 0:01:15]} hxg6
{[%clk 0:01:57]} 28. hxg6 {[%clk 0:01:14]} Ne6 {[%clk 0:01:10]} 29. Kg2
{[%clk 0:01:11]} Nf4+ {[%clk 0:01:00]} 30. gxf4 {[%clk 0:00:59]} e4
{[%clk 0:00:58]} 31. Rh1+ {[%clk 0:00:47]} Kg7 {[%clk 0:00:58]} 32. f5
{[%clk 0:00:35]} Qxf5 {[%clk 0:00:45]} 33. Rh7+ {[%clk 0:00:31]} Kf8
{[%clk 0:00:42]} 34. Qh6+ {[%clk 0:00:19]} Ke8 {[%clk 0:00:42]} 35. Nh4
{[%clk 0:00:05]} Qh3+ {[%clk 0:00:42]} 36. Kg1 {[%clk 0:00:05]} Bh2+
{[%clk 0:00:42]} 37. Kh1 {[%clk 0:00:06]} Bg3+ {[%clk 0:00:43]} 0-1

[Event "blitmenteam"]
[Site "?"]
[Date "2016.10.07"]
[Round "12.14"]
[White "Chigaev, Maksim"]
[Black "Chos, Alexey"]
[Result "1-0"]
[LiveChessVersion "1.4.4"]
[BlackElo "2336"]
[WhiteElo "2563"]

1. Nf3 {[%clk 0:03:03]} Nf6 {[%clk 0:03:02]} 2. g3 g6 {[%clk 0:03:03]} 3. b3
{[%clk 0:03:05]} Bg7 {[%clk 0:03:04]} 4. Bb2 {[%clk 0:03:07]} O-O
{[%clk 0:03:05]} 5. c4 {[%clk 0:03:08]} c5 {[%clk 0:03:05]} 6. Bg2
{[%clk 0:03:09]} d6 {[%clk 0:03:06]} 7. d4 {[%clk 0:03:06]} Nfd7 {[%clk 0:03:00]}
8. O-O {[%clk 0:03:04]} Nc6 {[%clk 0:03:01]} 9. Qd2 {[%clk 0:03:00]} Rb8
{[%clk 0:02:59]} 10. dxc5 {[%clk 0:02:59]} Bxb2 {[%clk 0:02:51]} 11. Qxb2
{[%clk 0:02:59]} dxc5 {[%clk 0:02:51]} 12. Nc3 {[%clk 0:02:58]} Nf6
{[%clk 0:02:42]} 13. Rfd1 {[%clk 0:02:57]} Qa5 {[%clk 0:02:31]} 14. Nd5
{[%clk 0:02:55]} Nxd5 {[%clk 0:02:27]} 15. cxd5 {[%clk 0:02:55]} Nd8
{[%clk 0:02:19]} 16. Qe5 {[%clk 0:02:53]} Ra8 {[%clk 0:02:08]} 17. Qxe7
{[%clk 0:02:53]} Bg4 {[%clk 0:02:08]} 18. h3 {[%clk 0:02:51]} Bxf3 19. Bxf3
{[%clk 0:02:52]} Rc8 {[%clk 0:01:56]} 20. d6 {[%clk 0:02:49]} c4 {[%clk 0:01:48]}
21. bxc4 {[%clk 0:02:40]} Rxc4 {[%clk 0:01:49]} 22. Rac1 {[%clk 0:02:38]} Qxa2
{[%clk 0:01:43]} 23. Ra1 {[%clk 0:02:29]} Qb3 {[%clk 0:01:35]} 24. Bd5
{[%clk 0:02:28]} Qc3 {[%clk 0:01:26]} 25. Bxc4 {[%clk 0:02:28]} Qxc4
{[%clk 0:01:27]} 26. Rac1 {[%clk 0:02:20]} Qb5 {[%clk 0:01:25]} 27. Rc8
{[%clk 0:02:19]} Qb6 {[%clk 0:01:23]} 28. Rdc1 {[%clk 0:02:03]} a5
{[%clk 0:01:14]} 29. Qc7 {[%clk 0:02:02]} Qb2 {[%clk 0:01:03]} 30. Rxd8
{[%clk 0:02:00]} Rxd8 {[%clk 0:01:04]} 31. Qxd8+ {[%clk 0:02:00]} Kg7
{[%clk 0:01:06]} 32. Qc7 {[%clk 0:02:00]} a4 {[%clk 0:01:07]} 33. d7
{[%clk 0:01:59]} 1-0

[Event "blitmenteam"]
[Site "?"]
[Date "2016.10.07"]
[Round "12.15"]
[White "Jary, Sergey"]
[Black "Yuffa, Daniil"]
[Result "1/2-1/2"]
[LiveChessVersion "1.4.4"]
[BlackElo "2460"]
[WhiteElo "2368"]

1. d4 {[%clk 0:03:03]} Nf6 {[%clk 0:03:03]} 2. Bf4 {[%clk 0:03:05]} d5
{[%clk 0:03:04]} 3. e3 {[%clk 0:03:06]} c5 {[%clk 0:03:05]} 4. c3
{[%clk 0:03:07]} Nc6 {[%clk 0:03:05]} 5. Nf3 {[%clk 0:03:07]} Qb6
{[%clk 0:03:02]} 6. Qb3 {[%clk 0:03:07]} c4 {[%clk 0:03:01]} 7. Qc2
{[%clk 0:03:08]} Bf5 {[%clk 0:03:01]} 8. Qc1 {[%clk 0:03:09]} e6 {[%clk 0:02:57]}
9. Be2 {[%clk 0:03:09]} Be7 {[%clk 0:02:58]} 10. Nbd2 {[%clk 0:03:09]} Rc8
{[%clk 0:02:57]} 11. O-O {[%clk 0:03:05]} h6 {[%clk 0:02:53]} 12. Ne5
{[%clk 0:02:54]} O-O {[%clk 0:02:48]} 13. Nxc6 {[%clk 0:02:52]} bxc6
{[%clk 0:02:33]} 14. b3 {[%clk 0:02:49]} cxb3 {[%clk 0:02:28]} 15. axb3
{[%clk 0:02:48]} c5 {[%clk 0:02:28]} 16. Qa3 {[%clk 0:02:41]} Bd6
{[%clk 0:01:53]} 17. Bxd6 {[%clk 0:02:25]} Qxd6 {[%clk 0:01:54]} 18. Qxa7
{[%clk 0:02:19]} cxd4 {[%clk 0:01:53]} 19. cxd4 {[%clk 0:02:16]} Rc2
{[%clk 0:01:43]} 20. Ra2 {[%clk 0:02:16]} Rfc8 {[%clk 0:01:41]} 21. Nf3
{[%clk 0:01:53]} Qb4 {[%clk 0:01:11]} 22. Rxc2 {[%clk 0:01:36]} Rxc2
{[%clk 0:01:09]} 23. Bd1 {[%clk 0:01:37]} Rc1 {[%clk 0:00:50]} 24. Qa4
{[%clk 0:01:32]} Qc3 {[%clk 0:00:34]} 25. Be2 {[%clk 0:01:21]} Rxf1+
{[%clk 0:00:21]} 26. Bxf1 {[%clk 0:01:22]} Qc1 {[%clk 0:00:20]} 27. Qa8+
{[%clk 0:01:14]} Kh7 {[%clk 0:00:21]} 28. Qa6 {[%clk 0:01:14]} Ne4
{[%clk 0:00:18]} 29. h3 {[%clk 0:01:00]} Bg6 {[%clk 0:00:14]} 30. Ne5
{[%clk 0:00:50]} Qb2 {[%clk 0:00:09]} 31. Qe2 {[%clk 0:00:47]} Qxb3
{[%clk 0:00:10]} 32. Nxg6 {[%clk 0:00:48]} Kxg6 {[%clk 0:00:09]} 33. f3
{[%clk 0:00:46]} Nf6 {[%clk 0:00:10]} 34. Qd3+ {[%clk 0:00:47]} 1/2-1/2

[Event "blitmenteam"]
[Site "?"]
[Date "2016.10.07"]
[Round "12.16"]
[White "Lugovskoy, Maxim"]
[Black "Sanin, Andrey"]
[Result "1-0"]
[LiveChessVersion "1.4.4"]
[BlackElo "2214"]
[WhiteElo "2427"]

1. d4 {[%clk 0:03:03]} d5 {[%clk 0:03:03]} 2. Nc3 {[%clk 0:03:04]} Nf6
{[%clk 0:03:03]} 3. Bf4 {[%clk 0:03:05]} c6 {[%clk 0:03:01]} 4. e3
{[%clk 0:03:06]} Bf5 {[%clk 0:03:00]} 5. f3 {[%clk 0:03:08]} Bg6 {[%clk 0:02:59]}
6. g4 {[%clk 0:03:08]} e6 {[%clk 0:02:52]} 7. h4 {[%clk 0:03:10]} h6
{[%clk 0:02:43]} 8. Bd3 {[%clk 0:03:10]} Bxd3 {[%clk 0:02:41]} 9. cxd3
{[%clk 0:03:11]} Bd6 {[%clk 0:02:35]} 10. Nge2 {[%clk 0:03:12]} Bxf4
{[%clk 0:02:33]} 11. exf4 {[%clk 0:03:13]} Na6 {[%clk 0:02:26]} 12. Qd2
{[%clk 0:03:14]} Qd6 {[%clk 0:02:23]} 13. O-O-O {[%clk 0:03:14]} O-O-O
{[%clk 0:02:22]} 14. Kb1 {[%clk 0:03:13]} Kb8 {[%clk 0:02:23]} 15. Ng3
{[%clk 0:03:02]} g5 {[%clk 0:01:59]} 16. Nce2 {[%clk 0:02:58]} gxf4
{[%clk 0:01:55]} 17. Nxf4 {[%clk 0:02:51]} c5 {[%clk 0:01:49]} 18. dxc5
{[%clk 0:02:44]} Nxc5 {[%clk 0:01:50]} 19. d4 {[%clk 0:02:45]} Ncd7
{[%clk 0:01:48]} 20. Nge2 {[%clk 0:02:31]} Rc8 {[%clk 0:01:46]} 21. Nd3
{[%clk 0:02:32]} Nb6 {[%clk 0:01:39]} 22. b3 {[%clk 0:02:33]} Rc7
{[%clk 0:01:31]} 23. h5 {[%clk 0:02:33]} Nbd7 {[%clk 0:01:24]} 24. Rc1
{[%clk 0:02:33]} Rxc1+ {[%clk 0:01:21]} 25. Rxc1 {[%clk 0:02:34]} Qh2
{[%clk 0:01:08]} 26. Qc2 {[%clk 0:02:23]} Nb6 {[%clk 0:01:04]} 27. Qd2
{[%clk 0:02:14]} Rc8 {[%clk 0:01:03]} 28. Rxc8+ {[%clk 0:02:11]} Nxc8
{[%clk 0:01:03]} 29. Ne5 {[%clk 0:02:11]} Nd6 {[%clk 0:01:00]} 30. Kc2
{[%clk 0:02:10]} Qf2 {[%clk 0:00:58]} 31. Nc3 {[%clk 0:02:03]} Qxd2+
{[%clk 0:00:54]} 32. Kxd2 {[%clk 0:02:04]} Nh7 {[%clk 0:00:49]} 33. Ne2
{[%clk 0:01:56]} Ng5 {[%clk 0:00:48]} 34. Ke3 {[%clk 0:01:57]} Kc7
{[%clk 0:00:45]} 35. Ng3 {[%clk 0:01:44]} Kd8 {[%clk 0:00:39]} 36. f4
{[%clk 0:01:46]} Nh7 {[%clk 0:00:41]} 37. Nf3 {[%clk 0:01:41]} f6
{[%clk 0:00:36]} 38. Ne2 {[%clk 0:01:42]} Ne4 {[%clk 0:00:36]} 39. Nd2
{[%clk 0:01:39]} Nxd2 {[%clk 0:00:34]} 40. Kxd2 {[%clk 0:01:39]} Ke7
{[%clk 0:00:34]} 41. Nc1 {[%clk 0:01:36]} Kd6 {[%clk 0:00:34]} 42. Nd3
{[%clk 0:01:38]} Nf8 {[%clk 0:00:32]} 43. Ke3 {[%clk 0:01:38]} b6
{[%clk 0:00:32]} 44. Kf3 {[%clk 0:01:39]} Nh7 {[%clk 0:00:32]} 45. Kg3
{[%clk 0:01:40]} Ke7 {[%clk 0:00:30]} 46. Kh4 {[%clk 0:01:41]} Kd6
{[%clk 0:00:29]} 47. Kg3 {[%clk 0:01:29]} Ke7 {[%clk 0:00:30]} 48. a4
{[%clk 0:01:26]} Kd6 {[%clk 0:00:28]} 49. b4 {[%clk 0:01:27]} Ke7
{[%clk 0:00:22]} 50. b5 {[%clk 0:01:28]} Kd6 {[%clk 0:00:17]} 51. Kf3
{[%clk 0:01:29]} Nf8 {[%clk 0:00:17]} 52. Nb4 {[%clk 0:01:24]} Kc7
{[%clk 0:00:08]} 53. f5 {[%clk 0:01:16]} exf5 {[%clk 0:00:05]} 54. Nxd5+
{[%clk 0:01:15]} Kd6 {[%clk 0:00:06]} 55. Nxf6 {[%clk 0:01:16]} fxg4+
{[%clk 0:00:07]} 56. Nxg4 {[%clk 0:01:17]} Kd5 {[%clk 0:00:07]} 57. Ke3
{[%clk 0:01:10]} Nd7 {[%clk 0:00:07]} 58. Kd3 {[%clk 0:01:06]} Nf8
{[%clk 0:00:04]} 59. Nxh6 {[%clk 0:01:06]} Ne6 {[%clk 0:00:06]} 60. Ke3
{[%clk 0:00:58]} Ng7 {[%clk 0:00:05]} 61. Ng8 {[%clk 0:00:48]} Nxh5
{[%clk 0:00:06]} 62. Ne7+ {[%clk 0:00:49]} Kc4 {[%clk 0:00:05]} 63. Nc6
{[%clk 0:00:48]} Kb3 {[%clk 0:00:04]} 64. Nxa7 {[%clk 0:00:24]} Kxa4 65. d5 Nf6
{[%clk 0:00:03]} 66. Kd4 {[%clk 0:00:26]} Kb4 {[%clk 0:00:03]} 67. d6
{[%clk 0:00:27]} Nd7 1-0

[Event "blitmenteam"]
[Site "?"]
[Date "2016.10.07"]
[Round "12.17"]
[White "Ponomarenko, Alexandr"]
[Black "Alekseev, Evgeny"]
[Result "0-1"]
[LiveChessVersion "1.4.4"]
[BlackElo "2662"]
[WhiteElo "2220"]

1. e4 {[%clk 0:03:03]} c5 {[%clk 0:03:04]} 2. Nf3 {[%clk 0:03:03]} Nc6
{[%clk 0:03:05]} 3. d4 {[%clk 0:03:04]} cxd4 {[%clk 0:03:06]} 4. Nxd4
{[%clk 0:03:05]} e6 {[%clk 0:03:07]} 5. Be3 {[%clk 0:03:04]} Nf6 {[%clk 0:03:01]}
6. Bd3 {[%clk 0:03:05]} d5 {[%clk 0:02:51]} 7. exd5 {[%clk 0:03:05]} Nxd5
{[%clk 0:02:48]} 8. Nxc6 {[%clk 0:03:04]} bxc6 {[%clk 0:02:46]} 9. Bd2
{[%clk 0:03:05]} Bd6 {[%clk 0:02:37]} 10. Nc3 {[%clk 0:03:03]} O-O
{[%clk 0:02:30]} 11. Ne4 {[%clk 0:02:49]} Bc7 {[%clk 0:02:23]} 12. O-O
{[%clk 0:02:40]} f5 {[%clk 0:02:17]} 13. Ng5 {[%clk 0:02:18]} e5 {[%clk 0:01:48]}
14. c4 {[%clk 0:01:45]} Nb6 {[%clk 0:01:26]} 15. Be2 {[%clk 0:01:19]} h6
{[%clk 0:01:17]} 16. Nf3 {[%clk 0:01:03]} e4 {[%clk 0:01:16]} 17. Ne1
{[%clk 0:01:03]} Be6 {[%clk 0:01:08]} 18. Qc2 {[%clk 0:00:46]} Qf6
{[%clk 0:00:51]} 19. Bc3 {[%clk 0:00:36]} Qg6 {[%clk 0:00:45]} 20. f4
{[%clk 0:00:32]} Rad8 {[%clk 0:00:22]} 21. b3 {[%clk 0:00:29]} Bd6
{[%clk 0:00:21]} 22. g3 {[%clk 0:00:24]} Bc5+ {[%clk 0:00:21]} 23. Kh1
{[%clk 0:00:24]} Bd4 {[%clk 0:00:21]} 24. Ng2 {[%clk 0:00:21]} c5
{[%clk 0:00:22]} 25. Rad1 {[%clk 0:00:17]} Qf6 {[%clk 0:00:23]} 26. Ba5
{[%clk 0:00:17]} Rd7 {[%clk 0:00:21]} 27. Bd2 {[%clk 0:00:15]} Rfd8
{[%clk 0:00:22]} 28. Be3 {[%clk 0:00:16]} Nc8 {[%clk 0:00:18]} 29. a3
{[%clk 0:00:17]} a5 {[%clk 0:00:16]} 30. Kg1 {[%clk 0:00:12]} Ne7
{[%clk 0:00:17]} 31. Kh1 {[%clk 0:00:12]} Nc6 {[%clk 0:00:19]} 32. Qd2
{[%clk 0:00:09]} Rb8 {[%clk 0:00:17]} 33. Qc2 {[%clk 0:00:10]} Bxe3
{[%clk 0:00:16]} 34. Nxe3 {[%clk 0:00:11]} Nd4 {[%clk 0:00:16]} 35. Qa2
{[%clk 0:00:11]} Rxb3 {[%clk 0:00:10]} 36. Rxd4 {[%clk 0:00:09]} Rxe3
{[%clk 0:00:09]} 37. Rxd7 Bxd7 {[%clk 0:00:10]} 38. Qd2 {[%clk 0:00:09]} Qd4
{[%clk 0:00:11]} 39. Rd1 {[%clk 0:00:08]} Be6 {[%clk 0:00:11]} 40. Bf1
{[%clk 0:00:06]} Qxd2 41. Rxd2 {[%clk 0:00:08]} Rxa3 {[%clk 0:00:12]} 42. Rd6
{[%clk 0:00:08]} Kf7 {[%clk 0:00:13]} 43. Rc6 {[%clk 0:00:09]} Ra1
{[%clk 0:00:13]} 44. Kg2 {[%clk 0:00:10]} a4 {[%clk 0:00:13]} 45. Rxc5
{[%clk 0:00:11]} a3 {[%clk 0:00:13]} 46. Ra5 {[%clk 0:00:12]} Ke7
{[%clk 0:00:12]} 47. Kf2 {[%clk 0:00:13]} a2 {[%clk 0:00:12]} 48. Ra7+
{[%clk 0:00:11]} Kd6 {[%clk 0:00:13]} 49. Ra5 {[%clk 0:00:13]} Kc6
{[%clk 0:00:12]} 50. Be2 {[%clk 0:00:13]} Kb6 {[%clk 0:00:11]} 51. Ra8
{[%clk 0:00:12]} Kc5 {[%clk 0:00:12]} 52. Ke3 {[%clk 0:00:13]} Kb4
{[%clk 0:00:10]} 53. Rb8+ {[%clk 0:00:12]} Kc3 {[%clk 0:00:11]} 54. Ra8
{[%clk 0:00:13]} Bxc4 {[%clk 0:00:08]} 55. Rc8 {[%clk 0:00:04]} Re1
{[%clk 0:00:08]} 56. Rxc4+ {[%clk 0:00:05]} Kb3 {[%clk 0:00:07]} 57. Kd4 0-1

[Event "blitmenteam"]
[Site "?"]
[Date "2016.10.07"]
[Round "12.18"]
[White "Romanov, Evgeny"]
[Black "Tereshechkina, Maya"]
[Result "1-0"]
[LiveChessVersion "1.4.4"]
[BlackElo "2102"]
[WhiteElo "2518"]

1. d4 {[%clk 0:03:03]} Nf6 {[%clk 0:03:03]} 2. Bg5 {[%clk 0:03:04]} Ne4
{[%clk 0:02:59]} 3. Bf4 {[%clk 0:03:04]} d5 {[%clk 0:02:59]} 4. e3
{[%clk 0:03:02]} c6 {[%clk 0:02:59]} 5. Nd2 {[%clk 0:02:57]} Bf5 {[%clk 0:02:46]}
6. Bd3 {[%clk 0:02:53]} e6 {[%clk 0:02:31]} 7. Bxe4 {[%clk 0:02:43]} dxe4
{[%clk 0:02:28]} 8. Ne2 {[%clk 0:02:44]} Nd7 {[%clk 0:01:53]} 9. O-O
{[%clk 0:02:43]} g5 {[%clk 0:01:43]} 10. Bg3 {[%clk 0:02:26]} h5 {[%clk 0:01:44]}
11. h3 {[%clk 0:02:11]} g4 {[%clk 0:01:09]} 12. h4 {[%clk 0:02:12]} Be7
{[%clk 0:01:10]} 13. Nc3 {[%clk 0:02:13]} Bxh4 {[%clk 0:00:48]} 14. Ndxe4
{[%clk 0:02:03]} Bxg3 15. fxg3 {[%clk 0:02:04]} Bxe4 {[%clk 0:00:27]} 16. Nxe4
{[%clk 0:02:04]} Qc7 {[%clk 0:00:19]} 17. Qe1 {[%clk 0:01:59]} f5
{[%clk 0:00:14]} 18. Ng5 {[%clk 0:01:59]} Qd6 {[%clk 0:00:07]} 19. e4
{[%clk 0:01:18]} Qxd4+ {[%clk 0:00:08]} 20. Qf2 {[%clk 0:01:20]} Qxf2+
{[%clk 0:00:06]} 21. Rxf2 {[%clk 0:01:16]} Rg8 {[%clk 0:00:03]} 22. Nxe6
{[%clk 0:01:16]} Ke7 {[%clk 0:00:04]} 23. exf5 1-0